Prepara educación de adultos : (Registro nro. 10089)

Detalles MARC
000 -LEADER
fixed length control field 01199nam a22003017a 4500
003 - CONTROL NUMBER IDENTIFIER
control field DO-SdBNP
005 - DATE AND TIME OF LATEST TRANSACTION
control field 20180313112852.0
008 - FIXED-LENGTH DATA ELEMENTS--GENERAL INFORMATION
fixed length control field 160511b dr 2005 00| 0 spa d
020 ## - INTERNATIONAL STANDARD BOOK NUMBER
International Standard Book Number 8482617338 (Módulo7)
040 ## - CATALOGING SOURCE
Original cataloging agency BPMSU
Language of cataloging spa
Transcribing agency BPMSU
082 #4 - DEWEY DECIMAL CLASSIFICATION NUMBER
Classification number 374.83
Item number P927e 3ro. 2005
245 ## - TITLE STATEMENT
Title Prepara educación de adultos :
Remainder of title 3ro. bachillerato /
Statement of responsibility, etc. Manuel García Cartagena ... [et al.] ; dirección editorial Obdulia García de Escobar
250 ## - EDITION STATEMENT
Edition statement 2a ed.
260 ## - PUBLICATION, DISTRIBUTION, ETC. (IMPRINT)
Place of publication, distribution, etc. Santo Domingo :
Name of publisher, distributor, etc. Secretaría de Estado de Educación :
-- Santillana ;
Date of publication, distribution, etc. 2005.
300 ## - PHYSICAL DESCRIPTION
Extent v. :
Other physical details il. ;
Dimensions 28 cm.
490 1# - SERIES STATEMENT
Series statement Santillana adultos
500 ## - GENERAL NOTE
General note La biblioteca posee el módulo 7
650 #4 - SUBJECT ADDED ENTRY--TOPICAL TERM
Topical term or geographic name as entry element EDUCACIÓN SECUNDARIA DE ADULTOS
Geographic subdivision REPÚBLICA DOMINICANA
650 #4 - SUBJECT ADDED ENTRY--TOPICAL TERM
Topical term or geographic name as entry element EDUCACIÓN SECUNDARIA DE ADULTOS
General subdivision ESTUDIOS Y EJERCICIOS
650 #4 - SUBJECT ADDED ENTRY--TOPICAL TERM
Topical term or geographic name as entry element EDUCACIÓN SECUNDARIA DE ADULTOS
General subdivision LIBROS DE TEXTOS
700 12 - ADDED ENTRY--PERSONAL NAME
Personal name García Cartagena, Manuel
700 12 - ADDED ENTRY--PERSONAL NAME
Personal name García de Escobar, Obdulia,
Relator term ed.
830 #0 - SERIES ADDED ENTRY--UNIFORM TITLE
Uniform title Santillana adultos
910 ## - USER-OPTION DATA (OCLC)
User-option data Validado. Control de calidad MFF
942 ## - ADDED ENTRY ELEMENTS (KOHA)
Source of classification or shelving scheme Dewey Decimal Classification
Koha item type Libros
945 ## - LOCAL PROCESSING INFORMATION (OCLC)
a inventariado, 2018 / DG Remanejada para la BNPHU 2018 / BT
956 ## - LOCAL ELECTRONIC LOCATION AND ACCESS (OCLC)
Host name BTAVÁREZ
Access number 10
Compression information BPMSU
Path 20180307
Electronic name 0038
Existencias
Withdrawn status Lost status Source of classification or shelving scheme Damaged status Not for loan Home library Current library Date acquired Source of acquisition Total Checkouts Full call number Barcode Date last seen Price effective from Koha item type Collection code Copy number
    Dewey Decimal Classification     Biblioteca Pública Metropolitana Salomé Ureña Biblioteca Pública Metropolitana Salomé Ureña 06/10/2016 Donación   374.83 P927e 3ro. 2005 Módulo 7 BPMSU16060142 06/10/2016 06/10/2016 Libros    
    Dewey Decimal Classification     Biblioteca Pública Metropolitana Salomé Ureña Biblioteca Pública Metropolitana Salomé Ureña 03/07/2018 Donado   374.83 P927e 3ro. 2005 Módulo 7 BPMSU18030019 03/07/2018 03/07/2018 Libros Colección Escolar ej. 2